| 000 | 00900cam a2200301 a 4500 | ||
|---|---|---|---|
| 001 | 14187089 | ||
| 003 | PILC | ||
| 005 | 20150617130609.0 | ||
| 008 | 051202s2004 nyua c 000 1 eng d | ||
| 010 | _a 2005296583 | ||
| 020 | _a0439677149 (pbk.) | ||
| 035 | _a(OCoLC)ocm61224257 | ||
| 040 |
_aIMF _cIMF _dBAKER _dDLC |
||
| 042 |
_alcac _alccopycat |
||
| 050 | 0 | 0 |
_aPZ 7 .J6364bad _b2004 |
| 082 | 0 | 0 | _a[Fic] |
| 100 | 1 | _aChatterton, Martin. | |
| 245 | 1 | 0 |
_aBad Dog goes barktastic! / _c[text and cover art by] Martin Chatterton. |
| 260 |
_aNew York : _bScholastic Inc., _cc2004. |
||
| 300 |
_a188 p. : _bill. ; _c20 cm. |
||
| 500 | _a"Apple series." | ||
| 650 | 1 |
_aDogs _vFiction. |
|
| 650 | 1 |
_aSpies _vFiction. |
|
| 650 | 1 | _aHumorous stories. | |
| 906 |
_a7 _bcbc _ccopycat _d2 _encip _f20 _gy-gencatlg |
||
| 942 |
_2lcc _cBK |
||
| 999 |
_c287804 _d287804 |
||